000 00772cam a2200205 4500
001 WB3724-20
008 000000n2001 000 0 eng u
035 _a(Sirsi) u113138
245 _aCalculating flood risk
260 _c2001
490 _aSurveying World
_v9(4) May/June 2001, 12(1)
520 _aA new flood risk assessment service has been developed by cartographers Lovell Johns. This will allow insurance companies to make quick and accurate assessments of flood dangers of particular locations. The whole assessment process can take as little as half an hour.
590 _aWB
650 _aFLOOD RISK
650 _aLOVELL JOHNS
650 _aINSURANCE ASSESSMENTS
650 _aGIS SOFTWARE
690 _aENVIRONMENT-AUDIT/ASSESSMENT
942 _n0
999 _c67361
_d67361